000 01024nam a22002651u 4500
001 12533
003 HDC
007 cr bn ---
008 210209p2004 my eng
040 _aHDC
100 _aIsmail B. Sahid,
_eauthor
_913180
245 0 _aEffects of glyphosate on the mortality and shikimic acid level in two goosegrass [Eleusine indica (L.) Gaertn.] biotypes /
_cby Ismail B. Sahid, Chee Choon Won and Salmijah Surif
260 _aSerdang :
_bMalaysian Agricultural Research and Development Institute (MARDI),
_c2004
300 _a1 page
336 _atext
_2rdacontent
337 _acomputer
_2rdamedia
338 _aonline resource
_2rdacarrier
650 _aEleusine indica
_913181
650 _aGlyphosate-resistant
_913183
650 _aGoosegrass
_913182
856 _zRequest full-text at [email protected]
942 _2lcc
942 _cAR
942 _kJART 003123
999 _c9856
_d9856